Core concepts in cultural anthropology / (Record no. 6874)

MARC details
000 -LEADER
fixed length control field 00729cam a2200229 4500
001 - CONTROL NUMBER
control field 7990
005 - DATE AND TIME OF LATEST TRANSACTION
control field 20181127184835.0
008 - FIXED-LENGTH DATA ELEMENTS--GENERAL INFORMATION
fixed length control field 111114s2013 nyu b 001 0 eng
010 ## - LIBRARY OF CONGRESS CONTROL NUMBER
LC control number 2011046294
020 ## - INTERNATIONAL STANDARD BOOK NUMBER
International Standard Book Number 9780078034930 (alk. paper)
082 00 - DEWEY DECIMAL CLASSIFICATION NUMBER
Classification number 306
Edition number 23
100 1# - MAIN ENTRY--PERSONAL NAME
Personal name Lavenda, Robert H.
245 10 - TITLE STATEMENT
Title Core concepts in cultural anthropology /
Statement of responsibility, etc. Robert H. Lavenda, Emily A. Schultz.
250 ## - EDITION STATEMENT
Edition statement 5th ed.
260 ## - PUBLICATION, DISTRIBUTION, ETC.
Place of publication, distribution, etc. New York :
Name of publisher, distributor, etc. McGraw-Hill,
Date of publication, distribution, etc. c2013.
300 ## - PHYSICAL DESCRIPTION
Extent xii, 276 p. ;
Dimensions 23 cm.
504 ## - BIBLIOGRAPHY, ETC. NOTE
Bibliography, etc. note Includes bibliographical references (p. 255-268) and index.
650 #0 - SUBJECT ADDED ENTRY--TOPICAL TERM
Topical term or geographic name entry element Ethnology
Form subdivision Bibliography.
Topical term or geographic name entry element Ethnology.
700 1# - ADDED ENTRY--PERSONAL NAME
Personal name Schultz, Emily A.
Fuller form of name (Emily Ann),
Dates associated with a name 1949-
Holdings
Withdrawn status Lost status Source of classification or shelving scheme Damaged status Not for loan Collection code Home library Current library Shelving location Serial Enumeration / chronology Inventory number Total Checkouts Full call number Barcode Date last seen Price effective from Koha item type
    Dewey Decimal Classification     Main TEST RTC Library RTC Library Main opac 12074   306 LAV 30012579 04/08/2019 27/11/2018 Main
Royal Thimphu College || All Right Reserved